Manipulation of the spine, thorax and pelvis : (رقم التسجيلة. 21486)

تفاصيل مارك
000 -الفاتح
حقل البيانات ثابتة الطول 02199cam a22005054a 4500
001 - رقم الضبط
رقم الضبط 15694969
003 - محدد رقم الضبط
رقم الضبط OSt
005 - وقت وتاريخ اخر تعامل مع التسجيلة
رقم الضبط 20150408114014.0
007 - الحقل الثابت للوصف المادى- معلومات عامة
حقل البيانات ثابتة الطول co ugu||||||||
008 - عناصر البيانات ثابتة الطول - معلومات عامة
حقل البيانات ثابتة الطول 090408s2010 stka 001 0 eng
010 ## - رقم ضبط مكتبة الكونجرس
رقم ضبط مكتبة الكونجرس 2009014966
015 ## - رقم الببليوجرافية الوطنية
رقم الببليوجرافية الوطنية GBA979007
المصدر bnb
016 7# - رقم ضبط الوكاله الوطنية للضبط الببليوجرافي
رقم ضبط التسجيلة 101501671
المصدر DNLM
016 7# - رقم ضبط الوكاله الوطنية للضبط الببليوجرافي
رقم ضبط التسجيلة 015346791
المصدر Uk
020 ## - الرقم الدولى المعيارى للكتب
الرقم الدولى المعيارى للكتاب 9780702031304 (alk. paper)
020 ## - الرقم الدولى المعيارى للكتب
الرقم الدولى المعيارى للكتاب 0702031305 (alk. paper)
035 ## - رقم ضبط النظام
رقم ضبط النظام (OCoLC)ocn318645715
040 ## - مصدر الفهرسة
وكالة الفهرسة الأصلية DNLM/DLC
وكالة النسخ DLC
وكالة التعديل YDX
-- NLM
-- YDXCP
-- UBY
-- UKM
-- CDX
-- DLC
042 ## - رمز التحقق
رمز التحقق pcc
050 00 - رقم طلب مكتبة الكونجرس
رقم التصنيف RZ342
رقم المادة .G53 2010
060 00 - رقم الطلب بالمكتبة الطبية الوطنية
رقم التصنيف 2010 A-928
060 10 - رقم الطلب بالمكتبة الطبية الوطنية
رقم التصنيف WB 535
رقم المادة G441m 2010
082 00 - رقم تصنيف ديوى العشرى
رقم التصنيف 615.533
رقم الطبعة 22
100 1# - المدخل الرئيسى - إسم شخصى
الإسم الشخصى Gibbons, Peter,
العنوان والكلمات الأخرى المصاحبة للاسم DO.
9 (RLIN) 10833
245 10 - بيان العنوان
العنوان Manipulation of the spine, thorax and pelvis :
بقية العنوان an osteopathic perspective /
بيان المسئوليه,etc Peter Gibbons, Philip Tehan ; foreword by Philip E. Greenman ; photographs by Tim Turner.
250 ## - بيان الطبعة
بيان الطبعة 3rd ed.
260 ## - PUBLICATION, DISTRIBUTION, ETC. (IMPRINT)
مكان الناشر او الموزع Edinburgh ;
-- New York :
اسم الناشر او الموزع Churchill Livingstone/Elsevier,
تاريخ النشر أو التوزيع 2010.
300 ## - الوصف المادى
التعداد xiii, 288 p. :
تفاصيل ماديه اخرى للوعاء ill. ;
أبعاد الوعاء 26 cm. +
المادة المصاحبة 1 videodisc (4 3/4 in.)
500 ## - تبصرة عامة
تبصرة عامة Includes index.
504 ## - تبصرة ببليوجرافية
تبصرة ببليوجرافية,الخ Includes bibliographical references and index.
505 0# - تبصرة محتويات-الفهرس
تبصرة المحتويات المصاغة Osteopathic philosophy, practice and technique -- Kinematics and coupled motion of the spine -- Spinal positioning and locking -- Safety and HVLA thrust techniques -- Rationale for the use of HVLA thrust techniques -- Validation of clinical practice by research -- Cervical and cervicothoracic spine -- Thoracic spine and rib cage -- Lumbar and thoracolumbar spine -- Pelvis.
650 #0 - المدخل الاضافى بالموضوع-مصطلح موضوعى
مصطلح موضوعي أو اسم جغرافي كعنصر مدخل Osteopathic medicine.
9 (RLIN) 10834
650 #0 - المدخل الاضافى بالموضوع-مصطلح موضوعى
مصطلح موضوعي أو اسم جغرافي كعنصر مدخل Manipulation (Therapeutics)
9 (RLIN) 10217
650 #0 - المدخل الاضافى بالموضوع-مصطلح موضوعى
مصطلح موضوعي أو اسم جغرافي كعنصر مدخل Spinal adjustment.
9 (RLIN) 10835
650 #0 - المدخل الاضافى بالموضوع-مصطلح موضوعى
مصطلح موضوعي أو اسم جغرافي كعنصر مدخل Spine
التقسيم الفرعي العام Diseases
-- Treatment.
9 (RLIN) 10836
650 #0 - المدخل الاضافى بالموضوع-مصطلح موضوعى
مصطلح موضوعي أو اسم جغرافي كعنصر مدخل Chest
التقسيم الفرعي العام Diseases
-- Treatment.
9 (RLIN) 10837
650 #0 - المدخل الاضافى بالموضوع-مصطلح موضوعى
مصطلح موضوعي أو اسم جغرافي كعنصر مدخل Pelvis
التقسيم الفرعي العام Diseases
-- Treatment.
9 (RLIN) 10838
650 12 - المدخل الاضافى بالموضوع-مصطلح موضوعى
مصطلح موضوعي أو اسم جغرافي كعنصر مدخل Manipulation, Osteopathic
التقسيم الفرعي العام methods.
9 (RLIN) 10839
650 12 - المدخل الاضافى بالموضوع-مصطلح موضوعى
مصطلح موضوعي أو اسم جغرافي كعنصر مدخل Manipulation, Spinal
التقسيم الفرعي العام methods.
9 (RLIN) 10840
650 22 - المدخل الاضافى بالموضوع-مصطلح موضوعى
مصطلح موضوعي أو اسم جغرافي كعنصر مدخل Pelvis.
9 (RLIN) 10841
650 22 - المدخل الاضافى بالموضوع-مصطلح موضوعى
مصطلح موضوعي أو اسم جغرافي كعنصر مدخل Thorax.
9 (RLIN) 10842
700 1# - المدخل الاضافى - اسم شخصى
الإسم الشخصى Tehan, Philip.
9 (RLIN) 10843
942 ## - عناصر المدخل الإضافي( كوها)
مصدر التصنيف او مخطط الترفيف Dewey Decimal Classification
Koha [default] item type كتاب
المقتنيات
حالة الفقد نموذج السعر الفعال حالة تلف ليس للاعارة رقم الطلب تاريخ الاكتساب الموقع الحالي الباركود الفرع الرئيسي Date last seen نوع المادة فى نظام كوها مصدر التصنيف او خطة الترفيف Total Checkouts
  2013-03-10     615.533 G P M 2012-04-12 مكتبة كلية العلوم الطبية التطبيقية بالمجمعة - طالبات (AMF) 00076779 مكتبة كلية العلوم الطبية التطبيقية بالمجمعة - طالبات (AMF) 2013-03-10 كتاب Dewey Decimal Classification